000 00792nam a2200253Ia 4500
003 OSt
005 20220928132615.0
006 a|||||r|||| 00| 0
007 ta
008 220927b |||||||| |||| 00| 0 eng d
020 _cUSD 130.00
024 _a145049
037 _b026, 09/03/2021, Excel Book International
_cTextual
040 _aSDCL
_cSDCL
_beng
041 _2eng
_aeng
082 _aB28931, Q8
100 _aRhinehart R. Russell
_9482428
245 0 _aEngineering optimization
_b Applications, methods, and analysis
260 _aHoboken
_bWiley
_c2018
300 _axxxvii,731p.
_ccm.
650 _aOperational Research
942 _hB28931, Q8
_cTEXL
_2CC
999 _c795138
_d795138